[Event "7. Open C.A. Ciudad los Angeles 2012"]
[Site "Madrid ESP"]
[Date "2013.04.07"]
[Round "1.1"]
[White "Juarez De Vena, Antonio"]
[Black "Ruiz Sanchez, Roberto"]
[Result "0-1"]
[WhiteElo "1697"]
[BlackElo "1981"]
[PlyCount "60"]
[EventDate "2013.04.07"]
[EventType "swiss"]
[EventRounds "9"]
[EventCountry "ESP"]
[SourceTitle "Ajedrez en Madrid"]
[Source "lmi"]
[SourceDate "2013.04.07"]
[SourceVersion "1"]
[SourceVersionDate "2013.08.06"]
[SourceQuality "1"]

1. e4 c6 2. d4 d5 3. e5 Bf5 4. Nf3 e6 5. Bd3 Ne7 6. O-O Bxd3 7. Qxd3 Nf5 8. b3
Be7 9. Re1 O-O 10. c4 b6 11. Nc3 Qd7 12. Bb2 Rd8 13. Rad1 Na6 14. a3 Nc7 15. h3
Rab8 16. Ne2 c5 17. Nf4 Qc6 18. Qc2 cxd4 19. g4 dxc4 20. Re4 Nh4 21. Nxd4 Qb7
22. bxc4 Na6 23. f3 Nc5 24. Re3 Bg5 25. Nde2 Nxf3+ 26. Kf2 Nh4 27. Rd6 Qh1 28.
Rg3 Ne4+ 29. Ke3 Nxg3 30. Nxg3 Qf3+ 0-1

[Event "7. Open C.A. Ciudad los Angeles 2012"]
[Site "Madrid ESP"]
[Date "2013.04.07"]
[Round "1.2"]
[White "Rodriguez Vignote, Javier"]
[Black "Sirera Ripoll, Jose"]
[Result "1-0"]
[WhiteElo "1975"]
[BlackElo "1692"]
[PlyCount "97"]
[EventDate "2013.04.07"]
[EventType "swiss"]
[EventRounds "9"]
[EventCountry "ESP"]
[SourceTitle "Ajedrez en Madrid"]
[Source "lmi"]
[SourceDate "2013.04.07"]
[SourceVersion "1"]
[SourceVersionDate "2013.08.06"]
[SourceQuality "1"]

1. Nf3 c5 2. c4 Nc6 3. Nc3 e6 4. g3 Nf6 5. Bg2 d5 6. cxd5 exd5 7. d4 Be6 8. O-O
Qd7 9. Ne5 Nxe5 10. dxe5 Ng4 11. Nxd5 Rd8 12. Nc3 Nxe5 13. Bf4 Ng6 14. Be3 Be7
15. Qxd7+ Rxd7 16. Rfd1 O-O 17. Rxd7 Bxd7 18. Rd1 Be6 19. Nd5 b6 20. Nxe7+ Nxe7
21. b3 c4 22. bxc4 Bxc4 23. Rd7 Nf5 24. Bf4 Bxa2 25. Rxa7 Bc4 26. e3 Rd8 27.
Bf3 b5 28. Rb7 Kf8 29. Kg2 Nd6 30. Rb6 Ke7 31. Bc6 h6 32. h4 Bd3 33. f3 Nc8 34.
Rb7+ Ke6 35. Bc7 Rg8 36. e4 Nd6 37. Bd5+ Ke7 38. Ra7 Bc4 39. Bb8+ Kf6 40. Bxd6
Kg6 41. Bxc4 bxc4 42. Rc7 Rd8 43. e5 f6 44. f4 Kf5 45. Kf3 Ra8 46. g4+ Kg6 47.
h5+ Kh7 48. exf6 c3 49. f7 1-0

[Event "7. Open C.A. Ciudad los Angeles 2012"]
[Site "Madrid ESP"]
[Date "2013.04.07"]
[Round "1.3"]
[White "Lopez-Andujar Ocaña, Ramon"]
[Black "Lobato Rivero, Carlos"]
[Result "0-1"]
[WhiteElo "1684"]
[BlackElo "1964"]
[PlyCount "66"]
[EventDate "2013.04.07"]
[EventType "swiss"]
[EventRounds "9"]
[EventCountry "ESP"]
[SourceTitle "Ajedrez en Madrid"]
[Source "lmi"]
[SourceDate "2013.04.07"]
[SourceVersion "1"]
[SourceVersionDate "2013.08.06"]
[SourceQuality "1"]

1. e4 g6 2. d4 Bg7 3. Nf3 d6 4. Bc4 Nf6 5. Nbd2 O-O 6. O-O c6 7. c3 d5 8. Bd3
dxe4 9. Nxe4 Nxe4 10. Bxe4 Nd7 11. Bg5 Nf6 12. Bd3 b6 13. Re1 Bb7 14. Qe2 e6
15. Rad1 Qc7 16. Bxf6 Bxf6 17. Ne5 Rad8 18. Ng4 Bg7 19. h3 c5 20. dxc5 bxc5 21.
Be4 Rxd1 22. Rxd1 Rb8 23. Bxb7 Qxb7 24. Rd2 Qc7 25. Ne3 Bh6 26. Rc2 Rd8 27. Nc4
Bf4 28. g3 Bxg3 29. fxg3 Qxg3+ 30. Kf1 Rd3 31. Qg4 Rf3+ 32. Ke2 Qf2+ 33. Kd1
Qf1+ 0-1

[Event "7. Open C.A. Ciudad los Angeles 2012"]
[Site "Madrid ESP"]
[Date "2013.04.07"]
[Round "1.4"]
[White "Brull Cortes, Boris"]
[Black "Ballesteros Jimenez, Miguel A"]
[Result "1-0"]
[WhiteElo "1953"]
[BlackElo "1672"]
[PlyCount "59"]
[EventDate "2013.04.07"]
[EventType "swiss"]
[EventRounds "9"]
[EventCountry "ESP"]
[SourceTitle "Ajedrez en Madrid"]
[Source "lmi"]
[SourceDate "2013.04.07"]
[SourceVersion "1"]
[SourceVersionDate "2013.08.06"]
[SourceQuality "1"]

1. d4 g6 2. e4 c5 3. Nf3 cxd4 4. Nxd4 Nc6 5. c3 Bg7 6. Be3 Nf6 7. Nd2 O-O 8.
Be2 d5 9. Nxc6 bxc6 10. e5 Ng4 11. Bxg4 Bxe5 12. Bxc8 Qxc8 13. Nf3 Bg7 14. O-O
Qb7 15. Qd2 Rfe8 16. b4 Rad8 17. Qc2 e5 18. Bc5 a6 19. Rad1 Qb5 20. Nd2 a5 21.
Rfe1 d4 22. Ne4 Re6 23. Ng5 Ree8 24. Qb3 Qb7 25. Ne4 Re6 26. bxa5 Rb8 27. Qxb7
Rxb7 28. a6 Rb5 29. a7 Ra5 30. Rb1 1-0

[Event "7. Open C.A. Ciudad los Angeles 2012"]
[Site "Madrid ESP"]
[Date "2013.04.07"]
[Round "1.5"]
[White "Rodriguez Lopez-Cañizares, Francisco"]
[Black "Garcia De Quesada Y Fort, Ignacio"]
[Result "0-1"]
[WhiteElo "1668"]
[BlackElo "1926"]
[PlyCount "88"]
[EventDate "2013.04.07"]
[EventType "swiss"]
[EventRounds "9"]
[EventCountry "ESP"]
[SourceTitle "Ajedrez en Madrid"]
[Source "lmi"]
[SourceDate "2013.04.07"]
[SourceVersion "1"]
[SourceVersionDate "2013.08.06"]
[SourceQuality "1"]

1. e4 c5 2. Nc3 e6 3. f4 Nc6 4. Nf3 d6 5. Bb5 Bd7 6. O-O Nge7 7. d4 cxd4 8.
Nxd4 a6 9. Be2 Nxd4 10. Qxd4 Nc6 11. Qf2 Be7 12. Be3 b5 13. a3 O-O 14. Rad1 Qb8
15. Qg3 Na5 16. Bd4 f6 17. e5 dxe5 18. fxe5 f5 19. Be3 Be8 20. Bf3 Bc6 21. Bxc6
Nxc6 22. Rd7 Rf7 23. Rdd1 Qxe5 24. Qf3 Bc5 25. Qxc6 Bxe3+ 26. Kh1 Rfa7 27. Rd6
Kf7 28. Rfd1 Re8 29. Rf1 Ree7 30. Rd8 Qc7 31. Qxc7 Raxc7 32. Rfd1 Bf4 33. Re1
Red7 34. Rxd7+ Rxd7 35. g3 Bg5 36. Rd1 Rxd1+ 37. Nxd1 Bc1 38. Kg2 e5 39. Kf3
e4+ 40. Ke2 Ke6 41. b3 Bxa3 42. c3 Bc1 43. Nf2 g5 44. Nd1 Ke5 0-1

[Event "7. Open C.A. Ciudad los Angeles 2012"]
[Site "Madrid ESP"]
[Date "2013.04.07"]
[Round "1.6"]
[White "Rodriguez Dorado, Victor"]
[Black "Sorribes Calle, Pablo"]
[Result "1-0"]
[WhiteElo "1924"]
[BlackElo "1663"]
[PlyCount "97"]
[EventDate "2013.04.07"]
[EventType "swiss"]
[EventRounds "9"]
[EventCountry "ESP"]
[SourceTitle "Ajedrez en Madrid"]
[Source "lmi"]
[SourceDate "2013.04.07"]
[SourceVersion "1"]
[SourceVersionDate "2013.08.06"]
[SourceQuality "1"]

1. c4 b6 2. Nc3 e5 3. Nf3 Nc6 4. e3 f5 5. d4 e4 6. Nd2 Nf6 7. d5 Ne5 8. Nb3 Be7
9. Nd4 d6 10. Be2 O-O 11. O-O Qe8 12. Ncb5 Bd8 13. a4 a6 14. Nc3 c5 15. dxc6
Nxc6 16. b3 Nxd4 17. Qxd4 Qe5 18. Rd1 Bc7 19. Ba3 Rd8 20. Rac1 Be6 21. Nd5 Qxd4
22. Rxd4 Bxd5 23. cxd5 Rdc8 24. Rc6 b5 25. g3 Ne8 26. g4 g6 27. gxf5 gxf5 28.
Rd1 Ba5 29. axb5 axb5 30. Bxb5 Rxc6 31. Bxc6 Rd8 32. b4 Bc7 33. Bb2 Kf7 34. Bd4
Rb8 35. b5 Bb6 36. Bxb6 Rxb6 37. Ra1 Rb8 38. Ra7+ Kg6 39. Re7 Nf6 40. Re6 Kg5
41. h4+ Kxh4 42. Rxf6 Rg8+ 43. Kf1 Kg5 44. Rxd6 f4 45. exf4+ Kxf4 46. Rh6 e3
47. fxe3+ Kf3 48. d6+ Kxe3 49. d7 1-0

[Event "7. Open C.A. Ciudad los Angeles 2012"]
[Site "Madrid ESP"]
[Date "2013.04.07"]
[Round "1.7"]
[White "Melcon Diez, Enrique"]
[Black "Crespo Villalba, Israel"]
[Result "0-1"]
[WhiteElo "1641"]
[BlackElo "1921"]
[PlyCount "58"]
[EventDate "2013.04.07"]
[EventType "swiss"]
[EventRounds "9"]
[EventCountry "ESP"]
[SourceTitle "Ajedrez en Madrid"]
[Source "lmi"]
[SourceDate "2013.04.07"]
[SourceVersion "1"]
[SourceVersionDate "2013.08.06"]
[SourceQuality "1"]

1. c4 Nf6 2. Nc3 g6 3. e4 d6 4. d4 Bg7 5. f4 O-O 6. Nf3 Bg4 7. Be2 c5 8. d5 e6
9. O-O exd5 10. cxd5 Re8 11. h3 Bxf3 12. Bxf3 a6 13. Be3 b5 14. Qc2 b4 15. Na4
Nxd5 16. Bxc5 dxc5 17. exd5 Bd4+ 18. Kh1 Qd6 19. Rac1 Nd7 20. Rfd1 Be3 21. f5
Ne5 22. fxg6 hxg6 23. Nxc5 Nxf3 24. gxf3 Bxc1 25. Ne6 Bf4 26. h4 Rxe6 27. dxe6
Qxe6 28. Qg2 Kg7 29. h5 Rh8 0-1

[Event "7. Open C.A. Ciudad los Angeles 2012"]
[Site "Madrid ESP"]
[Date "2013.04.07"]
[Round "1.8"]
[White "Lopez Ziegler, Carlos"]
[Black "De Pablo Peña, Miguel Angel"]
[Result "1-0"]
[WhiteElo "1913"]
[BlackElo "1635"]
[PlyCount "53"]
[EventDate "2013.04.07"]
[EventType "swiss"]
[EventRounds "9"]
[EventCountry "ESP"]
[SourceTitle "Ajedrez en Madrid"]
[Source "lmi"]
[SourceDate "2013.04.07"]
[SourceVersion "1"]
[SourceVersionDate "2013.08.06"]
[SourceQuality "1"]

1. e4 c5 2. Nf3 Nc6 3. d4 cxd4 4. Nxd4 Nf6 5. Nc3 e5 6. Ndb5 d6 7. Bg5 a6 8.
Na3 b5 9. Nd5 Be7 10. Nxe7 Qxe7 11. c3 Qe6 12. Bxb5 axb5 13. Nxb5 O-O 14. Nc7
Qd7 15. Nxa8 Nxe4 16. Nb6 Qf5 17. Be3 Ba6 18. Qa4 Nxf2 19. Qxa6 Nxh1 20. Nd5
Qe4 21. Qxc6 f5 22. Ne7+ Kf7 23. Qxe4 fxe4 24. Nd5 Rb8 25. O-O-O Ke6 26. c4 Rc8
27. b3 1-0

[Event "7. Open C.A. Ciudad los Angeles 2012"]
[Site "Madrid ESP"]
[Date "2013.04.07"]
[Round "1.9"]
[White "Salgado Duarte, Pablo"]
[Black "Marcos Herrero, Francisco"]
[Result "0-1"]
[WhiteElo "1607"]
[BlackElo "1912"]
[PlyCount "90"]
[EventDate "2013.04.07"]
[EventType "swiss"]
[EventRounds "9"]
[EventCountry "ESP"]
[SourceTitle "Ajedrez en Madrid"]
[Source "lmi"]
[SourceDate "2013.04.07"]
[SourceVersion "1"]
[SourceVersionDate "2013.08.06"]
[SourceQuality "1"]

1. d4 Nf6 2. c4 c5 3. d5 b5 4. e3 Bb7 5. Nc3 b4 6. Nce2 e6 7. dxe6 fxe6 8. Ng3
Be7 9. Nf3 O-O 10. Be2 d5 11. O-O Nc6 12. b3 Qc7 13. Bb2 Rad8 14. Qc2 d4 15.
exd4 Nxd4 16. Nxd4 cxd4 17. Rad1 Bc5 18. Qd3 e5 19. f3 Bc6 20. Bc1 Qb7 21. Kh1
Be8 22. Bg5 Bg6 23. Ne4 Qc6 24. Bxf6 gxf6 25. Rde1 Be7 26. Bd1 Rfe8 27. Qd2 f5
28. Ng3 e4 29. fxe4 fxe4 30. Nxe4 Bxe4 31. Rf4 Bc5 32. Rg4+ Bg6 33. Rf1 Rf8 34.
Re1 Qf6 35. Bf3 Kh8 36. Rg3 Rde8 37. Rf1 d3 38. Qd1 Qb2 39. Bc6 Qe2 40. Rgf3
Qxd1 41. Rxd1 Re2 42. Rxf8+ Bxf8 43. Rf1 Bc5 44. Bf3 Rc2 45. Rd1 d2 0-1

[Event "7. Open C.A. Ciudad los Angeles 2012"]
[Site "Madrid ESP"]
[Date "2013.04.07"]
[Round "1.10"]
[White "Tirado Parra, Alberto"]
[Black "Sotres Menendez, Raul"]
[Result "1-0"]
[WhiteElo "1896"]
[BlackElo "1606"]
[PlyCount "63"]
[EventDate "2013.04.07"]
[EventType "swiss"]
[EventRounds "9"]
[EventCountry "ESP"]
[SourceTitle "Ajedrez en Madrid"]
[Source "lmi"]
[SourceDate "2013.04.07"]
[SourceVersion "1"]
[SourceVersionDate "2013.08.06"]
[SourceQuality "1"]

1. Nf3 Nf6 2. c4 e6 3. g3 b6 4. Bg2 Bb7 5. O-O d5 6. b3 c5 7. Bb2 d4 8. e3 Nc6
9. exd4 Nxd4 10. Nxd4 Bxg2 11. Nxe6 fxe6 12. Kxg2 Be7 13. Qe2 Qd7 14. Na3 O-O
15. Rae1 Kf7 16. Nc2 Rad8 17. d4 Ne8 18. dxc5 bxc5 19. f4 Qd2 20. Rf2 Qxe2 21.
Rfxe2 Nc7 22. f5 Rd6 23. Be5 exf5 24. Bxd6 Bxd6 25. Rd1 Ne8 26. Ne3 g6 27. Nd5
Ng7 28. Nc3 Bb8 29. Rd7+ Kg8 30. Ree7 Ne8 31. Nd5 h5 32. Rd8 1-0

[Event "7. Open C.A. Ciudad los Angeles 2012"]
[Site "Madrid ESP"]
[Date "2013.04.07"]
[Round "1.11"]
[White "Veiga Rodriguez, Pablo"]
[Black "Pindado Campos, Raul"]
[Result "0-1"]
[WhiteElo "1598"]
[BlackElo "1879"]
[PlyCount "142"]
[EventDate "2013.04.07"]
[EventType "swiss"]
[EventRounds "9"]
[EventCountry "ESP"]
[SourceTitle "Ajedrez en Madrid"]
[Source "lmi"]
[SourceDate "2013.04.07"]
[SourceVersion "1"]
[SourceVersionDate "2013.08.06"]
[SourceQuality "1"]

1. e4 e6 2. d4 d5 3. exd5 exd5 4. Nc3 Nf6 5. Nf3 Be7 6. Be2 Nc6 7. O-O Bf5 8.
Bf4 a6 9. a3 Ne4 10. Ne5 Nxc3 11. bxc3 Nxe5 12. Bxe5 O-O 13. c4 dxc4 14. Bxc4
Bf6 15. f4 Qe7 16. Bd3 Bxd3 17. Qxd3 Rad8 18. Qc4 b5 19. Qc6 Rxd4 20. Qxc7 Qxc7
21. Bxc7 Rc4 22. Be5 Bxe5 23. fxe5 Rxc2 24. Rf2 Rc5 25. Re1 h6 26. Rd2 Re8 27.
Rd6 a5 28. e6 fxe6 29. Rexe6 Rxe6 30. Rxe6 Rc3 31. Rb6 Rxa3 32. Rxb5 Ra2 33.
Rb7 Rc2 34. h3 Kh7 35. Ra7 Ra2 36. Kh2 Kg6 37. h4 Ra4 38. Kh3 h5 39. Rc7 Rg4
40. Rc6+ Kf7 41. g3 a4 42. Ra6 g6 43. Kg2 Ke7 44. Kf3 Kd7 45. Kf2 Kc7 46. Rf6
Kb7 47. Rf3 Kb6 48. Ke2 Kb5 49. Kd2 Kb4 50. Kc2 a3 51. Rb3+ Ka4 52. Rf3 Rc4+
53. Kb1 Kb4 54. Ka2 Rc2+ 55. Ka1 Rc3 56. Rf4+ Kb3 57. Rf1 Rxg3 58. Rb1+ Kc2 59.
Rb6 Rg4 60. Ka2 Rxh4 61. Rxg6 Rh3 62. Rh6 Kd2 63. Re6 Re3 64. Rh6 Rh3 65. Re6
h4 66. Re7 Re3 67. Rh7 h3 68. Rh6 Ke2 69. Rf6 Rf3 70. Rc6 Kf2 71. Rc1 h2 0-1

[Event "7. Open C.A. Ciudad los Angeles 2012"]
[Site "Madrid ESP"]
[Date "2013.04.07"]
[Round "1.12"]
[White "Largo Barbero, Benito"]
[Black "Pindado Del Carmen, Eliseo"]
[Result "1-0"]
[WhiteElo "1879"]
[BlackElo "1594"]
[PlyCount "53"]
[EventDate "2013.04.07"]
[EventType "swiss"]
[EventRounds "9"]
[EventCountry "ESP"]
[SourceTitle "Ajedrez en Madrid"]
[Source "lmi"]
[SourceDate "2013.04.07"]
[SourceVersion "1"]
[SourceVersionDate "2013.08.06"]
[SourceQuality "1"]

1. e4 c5 2. Nc3 a6 3. g3 Nc6 4. Bg2 e6 5. d3 Nd4 6. Nf3 Nxf3+ 7. Qxf3 Qf6 8.
Qe2 Qd8 9. f4 d6 10. O-O Rb8 11. Be3 b6 12. Nd1 g6 13. f5 e5 14. Qf2 g5 15. f6
h6 16. Nc3 Be6 17. Ne2 Qd7 18. c3 g4 19. d4 Bc4 20. dxe5 Bxe2 21. Qxe2 Qc8 22.
exd6 Bxd6 23. e5 Bxe5 24. Bf4 Qe6 25. Qxe5 Rd8 26. Qxe6+ fxe6 27. f7+ 1-0

[Event "7. Open C.A. Ciudad los Angeles 2012"]
[Site "Madrid ESP"]
[Date "2013.04.07"]
[Round "1.13"]
[White "Caño Nieto, Jose Luis"]
[Black "Magan Gonzalez, Alberto"]
[Result "0-1"]
[WhiteElo "1587"]
[BlackElo "1855"]
[PlyCount "78"]
[EventDate "2013.04.07"]
[EventType "swiss"]
[EventRounds "9"]
[EventCountry "ESP"]
[SourceTitle "Ajedrez en Madrid"]
[Source "lmi"]
[SourceDate "2013.04.07"]
[SourceVersion "1"]
[SourceVersionDate "2013.08.06"]
[SourceQuality "1"]

1. d4 Nf6 2. Bf4 d5 3. e3 e6 4. Nf3 Nbd7 5. Nc3 a6 6. Be2 Be7 7. O-O Nh5 8. Ne5
Nxf4 9. exf4 O-O 10. Bg4 Nf6 11. Bf3 c6 12. Rb1 Qc7 13. Ne2 b6 14. c3 Bb7 15.
Re1 Rac8 16. g3 c5 17. Rc1 Rfd8 18. Rf1 Ne4 19. Bxe4 dxe4 20. Qe1 f5 21. Qd1
Bf6 22. a3 Qe7 23. Qb3 b5 24. Qd1 Bxe5 25. fxe5 g5 26. Rc2 c4 27. Qd2 Kh8 28.
Qc1 Rg8 29. Qd2 f4 30. Nxf4 gxf4 31. Qxf4 Rcf8 32. Qe3 Rf3 33. Qe2 Qg5 34. Qd2
Qh5 35. Qe2 Qh3 36. Qd2 e3 37. Qe2 exf2+ 38. Rxf2 Rfxg3+ 39. Rg2 Rxg2+ 0-1

[Event "7. Open C.A. Ciudad los Angeles 2012"]
[Site "Madrid ESP"]
[Date "2013.04.07"]
[Round "1.14"]
[White "Perez Fernandez, Guillermo"]
[Black "Vivas Mariscal, Luis Miguel"]
[Result "1-0"]
[WhiteElo "1849"]
[BlackElo "1573"]
[PlyCount "57"]
[EventDate "2013.04.07"]
[EventType "swiss"]
[EventRounds "9"]
[EventCountry "ESP"]
[SourceTitle "Ajedrez en Madrid"]
[Source "lmi"]
[SourceDate "2013.04.07"]
[SourceVersion "1"]
[SourceVersionDate "2013.08.06"]
[SourceQuality "1"]

1. Nc3 c6 2. e4 d5 3. exd5 cxd5 4. d4 Bf5 5. Nf3 e6 6. Bd3 Ne7 7. O-O h6 8. Re1
Bxd3 9. Qxd3 Nbc6 10. Bf4 Nf5 11. Qxf5 Be7 12. Qg4 g5 13. Bd2 h5 14. Qg3 Rg8
15. Nb5 Rc8 16. Ne5 a6 17. Nxc6 Rxc6 18. Nc3 Bd6 19. Qd3 Bc7 20. Qh7 Kd7 21.
Qxf7+ Kc8 22. Rxe6 Rf8 23. Qe7 Qxe7 24. Rxe7 Rcf6 25. Nxd5 Rxf2 26. Rxc7+ Kb8
27. Bb4 R8f5 28. Rd7 g4 29. Bc5 1-0

[Event "7. Open C.A. Ciudad los Angeles 2012"]
[Site "Madrid ESP"]
[Date "2013.04.07"]
[Round "1.15"]
[White "Soto Martin, Miguel"]
[Black "Perez Alvarez, Javier"]
[Result "1/2-1/2"]
[WhiteElo "1524"]
[BlackElo "1818"]
[PlyCount "100"]
[EventDate "2013.04.07"]
[EventType "swiss"]
[EventRounds "9"]
[EventCountry "ESP"]
[SourceTitle "Ajedrez en Madrid"]
[Source "lmi"]
[SourceDate "2013.04.07"]
[SourceVersion "1"]
[SourceVersionDate "2013.08.06"]
[SourceQuality "1"]

1. d4 d5 2. Nf3 Nf6 3. c4 e6 4. e3 c6 5. Nbd2 Be7 6. b3 O-O 7. Bd3 b6 8. Bb2
Bb7 9. O-O c5 10. dxc5 Bxc5 11. Qc2 h6 12. Rfd1 Nc6 13. a3 Rc8 14. Rac1 a5 15.
Qb1 Qe7 16. Qa1 Rfd8 17. cxd5 Rxd5 18. Bxf6 Qxf6 19. Qxf6 gxf6 20. Ne4 Be7 21.
Nc3 Rdd8 22. a4 Ba3 23. Rc2 Nb4 24. Rcd2 Nxd3 25. Rxd3 Be7 26. h3 Rxd3 27. Rxd3
Rd8 28. Rxd8+ Bxd8 29. Nd2 Be7 30. Nc4 Bc5 31. f3 Kf8 32. Ne4 Bxe4 33. fxe4 Ke8
34. Kf2 Kd7 35. e5 f5 36. Kf3 Ke7 37. e4 fxe4+ 38. Kxe4 f6 39. g4 Bg1 40. Nd2
fxe5 41. Nf3 Bc5 42. Nxe5 Bd6 43. Nc4 Bc7 44. Ne5 Kf6 45. Nf3 Bb8 46. Nd4 Bc7
47. Nf3 Bd6 48. Nd4 Bg3 49. Nf3 Bb8 50. Nd4 Bc7 1/2-1/2

[Event "7. Open C.A. Ciudad los Angeles 2012"]
[Site "Madrid ESP"]
[Date "2013.04.07"]
[Round "1.16"]
[White "Al-Zarif Zabala, Bassam"]
[Black "Cortijo Manso, Luis"]
[Result "1-0"]
[WhiteElo "1797"]
[BlackElo "1520"]
[PlyCount "119"]
[EventDate "2013.04.07"]
[EventType "swiss"]
[EventRounds "9"]
[EventCountry "ESP"]
[SourceTitle "Ajedrez en Madrid"]
[Source "lmi"]
[SourceDate "2013.04.07"]
[SourceVersion "1"]
[SourceVersionDate "2013.08.06"]
[SourceQuality "1"]

1. e4 c5 2. Nf3 d6 3. g3 Nf6 4. d3 e5 5. Bg2 Be7 6. O-O O-O 7. Nbd2 Nc6 8. c3
a6 9. Re1 b5 10. Nf1 Re8 11. h4 b4 12. Ne3 Be6 13. Ng5 Bd7 14. Nf5 Bf8 15. Qb3
Be6 16. Nxe6 Rxe6 17. Ne3 bxc3 18. bxc3 Re8 19. Nd5 Nxd5 20. Qxd5 Ne7 21. Qc4
Qb6 22. a4 Nc6 23. Be3 Na5 24. Qa2 Qb3 25. Qxb3 Nxb3 26. Rab1 Na5 27. Bf1 Nc6
28. Rb6 Nb8 29. Reb1 Nd7 30. Rb7 Rab8 31. Bh3 Rxb7 32. Rxb7 Nb8 33. Bg2 a5 34.
Bh3 Rd8 35. Ra7 h6 36. Rxa5 Nd7 37. Rb5 Nf6 38. f3 Ra8 39. a5 Ne8 40. d4 cxd4
41. cxd4 Nc7 42. Rb7 Ne6 43. Bxe6 fxe6 44. Rb5 exd4 45. Bxd4 e5 46. Bb6 g5 47.
Rb2 Kf7 48. Rc2 Ke6 49. Kf2 Be7 50. Ke3 Bd8 51. Bxd8 Rxd8 52. a6 Ra8 53. Ra2
Kd7 54. f4 gxf4+ 55. gxf4 exf4+ 56. Kxf4 Ke6 57. a7 Kf6 58. Ra6 Ke7 59. h5 Kd7
60. Kf5 1-0

[Event "7. Open C.A. Ciudad los Angeles 2012"]
[Site "Madrid ESP"]
[Date "2013.04.07"]
[Round "1.17"]
[White "Lopez Ziegler, Juan Jose"]
[Black "Sebastian Enesco, Alex"]
[Result "0-1"]
[WhiteElo "1515"]
[BlackElo "1795"]
[PlyCount "32"]
[EventDate "2013.04.07"]
[EventType "swiss"]
[EventRounds "9"]
[EventCountry "ESP"]
[SourceTitle "Ajedrez en Madrid"]
[Source "lmi"]
[SourceDate "2013.04.07"]
[SourceVersion "1"]
[SourceVersionDate "2013.08.06"]
[SourceQuality "1"]

1. d4 Nf6 2. Nf3 e6 3. Bf4 d5 4. e3 Bd6 5. Ne5 c5 6. Nd2 O-O 7. c3 Qb6 8. Ndc4
dxc4 9. Nxc4 Qc6 10. Bxd6 Rd8 11. Bxc5 Nbd7 12. Be7 Re8 13. Bd6 b5 14. Ne5 Qxd6
15. Bxb5 Bb7 16. O-O Qd5 0-1

[Event "7. Open C.A. Ciudad los Angeles 2012"]
[Site "Madrid ESP"]
[Date "2013.04.07"]
[Round "1.18"]
[White "Leniz Martinez, Francisco"]
[Black "Savchuk, Olga"]
[Result "1-0"]
[WhiteElo "1771"]
[BlackElo "1514"]
[PlyCount "111"]
[EventDate "2013.04.07"]
[EventType "swiss"]
[EventRounds "9"]
[EventCountry "ESP"]
[SourceTitle "Ajedrez en Madrid"]
[Source "lmi"]
[SourceDate "2013.04.07"]
[SourceVersion "1"]
[SourceVersionDate "2013.08.06"]
[SourceQuality "1"]

1. e4 c5 2. Nf3 Nc6 3. Bb5 e6 4. O-O Nge7 5. Re1 g6 6. d4 cxd4 7. Nxd4 Bg7 8.
Nb3 O-O 9. c3 a6 10. Be2 d5 11. exd5 exd5 12. Bg5 Qd6 13. N1d2 Re8 14. Bf3 Ne5
15. Be2 Bf5 16. Nc4 Qc6 17. Nd4 Qc7 18. Nxe5 Bxe5 19. Nf3 Bg7 20. Qd2 Rac8 21.
Nd4 Bd7 22. Bf3 Nf5 23. Nb3 d4 24. cxd4 Nxd4 25. Rxe8+ Bxe8 26. Nxd4 Qe5 27.
Be3 f5 28. Rd1 Rd8 29. g3 g5 30. Bxg5 Rxd4 31. Qxd4 Qxd4 32. Rxd4 Bxd4 33. Bxb7
Bxb2 34. Bxa6 Kg7 35. Bc4 Bd7 36. Be3 Kf6 37. h4 Kg7 38. Kf1 h5 39. Ke2 Kg6 40.
Kd3 Bc6 41. Kc2 Be5 42. Kb3 Bc7 43. Kb4 Bd6+ 44. Kc3 Be5+ 45. Kb3 Bc7 46. Kc2
Bd6 47. Bb3 Kf6 48. a4 Bc7 49. Kd3 Ba5 50. Bd4+ Kg6 51. Bc3 Bxc3 52. Kxc3 Kf6
53. Kd4 Bb7 54. Bc4 Bc6 55. a5 Be4 56. Bd5 1-0

[Event "7. Open C.A. Ciudad los Angeles 2012"]
[Site "Madrid ESP"]
[Date "2013.04.07"]
[Round "1.19"]
[White "Garcia Minguez, Antonio"]
[Black "Fernandez Bonilla, M. Arcangel"]
[Result "1/2-1/2"]
[WhiteElo "1494"]
[BlackElo "1769"]
[PlyCount "87"]
[EventDate "2013.04.07"]
[EventType "swiss"]
[EventRounds "9"]
[EventCountry "ESP"]
[SourceTitle "Ajedrez en Madrid"]
[Source "lmi"]
[SourceDate "2013.04.07"]
[SourceVersion "1"]
[SourceVersionDate "2013.08.06"]
[SourceQuality "1"]

1. d4 Nf6 2. c4 g6 3. Nc3 Bg7 4. Nf3 O-O 5. e3 b6 6. Be2 Bb7 7. O-O d6 8. Rb1
Nbd7 9. Re1 Re8 10. b3 e5 11. d5 Nc5 12. Bb2 Bc8 13. b4 Nce4 14. Bd3 Nxc3 15.
Bxc3 e4 16. Bc2 exf3 17. Qxf3 Nd7 18. e4 Ne5 19. Qg3 Nxc4 20. Bxg7 Kxg7 21.
Qc3+ Ne5 22. f4 f6 23. fxe5 fxe5 24. h3 Qe7 25. Rf1 Bd7 26. b5 a6 27. a4 axb5
28. axb5 Ra7 29. Bd3 Qg5 30. Rf3 Rf8 31. Rbf1 Rxf3 32. Rxf3 Qe7 33. Qc1 Qd8 34.
Qf1 Qe8 35. Qf2 Qe7 36. Kh2 Ra5 37. Qf1 Qe8 38. Qc1 Qd8 39. Qb1 Qg5 40. Qc2 Qd8
41. Qb1 Qe8 42. Qc1 Qd8 43. Qb1 Qe8 44. Qc1 1/2-1/2

[Event "7. Open C.A. Ciudad los Angeles 2012"]
[Site "Madrid ESP"]
[Date "2013.04.07"]
[Round "1.20"]
[White "Maseda Iglesias, Luis"]
[Black "Benitez Robles, Antonio"]
[Result "1-0"]
[WhiteElo "1766"]
[BlackElo "1483"]
[PlyCount "101"]
[EventDate "2013.04.07"]
[EventType "swiss"]
[EventRounds "9"]
[EventCountry "ESP"]
[SourceTitle "Ajedrez en Madrid"]
[Source "lmi"]
[SourceDate "2013.04.07"]
[SourceVersion "1"]
[SourceVersionDate "2013.08.06"]
[SourceQuality "1"]

1. d4 b6 2. Nf3 e6 3. c4 Bb7 4. e3 Nf6 5. Nc3 Bb4 6. Bd2 O-O 7. Be2 d6 8. O-O
c5 9. Rc1 Bxc3 10. Bxc3 Ne4 11. Be1 Nd7 12. Nd2 Qf6 13. Nxe4 Bxe4 14. f3 Bc6
15. Bc3 Qg5 16. Qd3 Rad8 17. Bd2 Qe7 18. Qc2 f5 19. Bd3 Qf6 20. Bc3 Qe7 21. Qf2
f4 22. exf4 Rxf4 23. Qg3 Rdf8 24. dxc5 bxc5 25. Rce1 e5 26. Bd2 R4f7 27. Qh3 g6
28. Bh6 Re8 29. Be4 Bxe4 30. fxe4 Nf6 31. Bg5 Ref8 32. Qh4 Qe6 33. Rf3 Qg4 34.
Bxf6 Qxh4 35. Bxh4 Rxf3 36. gxf3 Rxf3 37. Be7 Rd3 38. Rf1 a5 39. Rf6 Kg7 40.
Rxd6 Rxd6 41. Bxd6 a4 42. Bxe5+ Kf7 43. Bd6 Ke6 44. e5 g5 45. Kf2 h5 46. Kf3
Kf5 47. b3 axb3 48. axb3 h4 49. h3 g4+ 50. hxg4+ Ke6 51. Kg2 1-0